000 00437nam a2200169Ia 4500
003 GCL
008 140319s9999 xx 000 0 eng d
040 _aGCL /
_cGCL
082 0 4 _a301.326
_bN K
100 1 _aSTEHR, NICO
245 1 0 _aKNOWLEDGE SOCIETIES /
_cSTEHR, NICO
260 _a[S.N] :
_bSAGE PUBLI CATIONS ،
_c1994
300 _a289 P P
650 0 4 _aINDUSTRIAL SOCIETIES
650 0 4 _aKNOWLEDGE SOCIETIES
942 _2ddc
_cBK
999 _c11288
_d11288